000
00316nam a2200133Ia 4500
005
20260328101522.0
008
260328s9999||||xx |||||||||||||| ||und||
100
_a
Schleifer, Simone
245
0
_a
Green Style /
_c
Simone Schleifer
260
_b
BooQs
300
_a
619 p.
650
_a
DISEÑO INDUSTRIAL
942
_c
BK
999
_c
9634
_d
9634